000 00405nam a2200145Ia 4500
005 20250317044745.0
008 240331s9999 xx 000 0 und d
082 _a894
_bNAV
100 _aKamal,P.N
245 0 _aNaweena kotpaattu aaivukal :
_btamil illakiyathai munvaithu
260 _aBangalore
_bKaavya
_c1999
300 _a154 p .,
650 _aTamil Ilakkiyathai munvaithu Eluthiya Aaivu
942 _cL
999 _c4673
_d4673